Mapa geológico del área de Valparaíso-Curacaví, regiones de Valparaíso y Metropolitana
Zapisane w:
| Główni autorzy: | , , |
|---|---|
| Format: | Książka |
| Język: | hiszpański |
| Wydane: |
Santiago
Servicio Nacional de Geología y Minería
1996
|
| Seria: | Mapas Geológicos, 1
|
| Hasła przedmiotowe: | |
| Etykiety: |
Dodaj etykietę
Nie ma etykietki, Dołącz pierwszą etykiete!
|
MARC
| LEADER | 00000nam a2200000 a 4500 | ||
|---|---|---|---|
| 001 | UCK1423 | ||
| 003 | CL-VaPUC | ||
| 008 | 041112e19960000CL |||||||||||||||||spa|d | ||
| 082 | 0 | 4 | |a 558.3 |b GAN |2 21 |
| 100 | 0 | |a Gana F., Paulina |e author |9 489241 | |
| 700 | 0 | |a Wall Z., Renate |e author |9 489242 | |
| 700 | 0 | |a Gutiérrez P., Alvaro |e author |9 489243 | |
| 245 | 1 | 0 | |a Mapa geológico del área de Valparaíso-Curacaví, regiones de Valparaíso y Metropolitana |
| 300 | |a 2 v | ||
| 942 | |c BK | ||
| 945 | |d 20041112 00:00:00 |a cmena | ||
| 260 | |a Santiago |b Servicio Nacional de Geología y Minería |c 1996 | ||
| 500 | |a Escala: 1:100.000 | ||
| 500 | |a v.1: Leyenda ampliada y Listado de yacimientos | ||
| 500 | |a v.2: Mapas geológicos | ||
| 650 | 7 | |a MAPAS GEOLOGICOS |2 CL-VaPUC |9 362393 | |
| 650 | 0 | |a Recursos naturales |9 255232 | |
| 650 | 7 | |a RECURSOS MINERALES |2 CL-VaPUC |9 351120 | |
| 651 | 0 | |a Región 05 |9 267528 | |
| 583 | |a last modification |c 20041112 00:00:00 |k Rodrigo Vera | ||
| 490 | 0 | |a Mapas Geológicos, 1 | |
| 999 | |c 311392 |d 311390 | ||
| 952 | |0 0 |1 0 |4 0 |6 558_300000000000000_GAN_1996 |7 0 |8 F |9 380773 |a BIBING |b BIBING |d 2019-11-21 |h v.1 |i 4041127 |o 558.3 GAN 1996 |p 4041127 |r 2025-01-20 |w 2019-11-21 |y BK_F |k GEO | ||
| 952 | |0 0 |1 0 |4 0 |6 558_300000000000000_GAN_1996 |7 0 |8 F |9 380774 |a BIBING |b BIBING |d 2019-11-21 |h v.2 |i 4041135 |o 558.3 GAN 1996 |p 4041135 |r 2023-03-02 |w 2019-11-21 |y BK_F |k GEO | ||